[Event "Graz-ch"]
[Site "Graz"]
[Date "1992.??.??"]
[Round "4"]
[White "Deutsch, Ludwig"]
[Black "Brauer, Gerardo"]
[Result "1-0"]
[WhiteElo "2235"]
[BlackElo "2075"]
[PlyCount "114"]
[EventDate "1992.??.??"]
[EventType "swiss"]
[EventRounds "9"]
[EventCountry "AUT"]
[SourceTitle "EXT 1998"]
[Source "ChessBase"]
[SourceDate "1997.11.17"]
[SourceVersion "1"]
[SourceVersionDate "1997.11.17"]
[SourceQuality "1"]

1. Nf3 Nf6 2. d4 g6 3. Nbd2 Bg7 4. e4 d6 5. Bd3 Nc6 6. c3 0-0 7. Nc4 Nd7 8. h4 e5 9. d5 Ne7 10. h5 Nc5 11. hxg6 Nxd3+ 12. Qxd3 hxg6 13. Bh6 Bxh6 14. Rxh6 Kg7 15. Rh1 Rh8 16. 0-0-0 Rxh1 17. Rxh1 Ng8 18. Ne3 Bd7 19. Qf1 Qf6 20. Rh4 Kf8 21. Qe2 Ke7 22. g4 Rf8 23. g5 Qg7 24. Qf1 f6 25. Qg1 Kd8 26. Nd2 Qe7 27. gxf6 Qxf6 28. Rh2 Qf4 29. f3 Ne7 30. Rg2 Bh3 31. Rg3 Bd7 32. Nef1 Bb5 33. Kc2 Rh8 34. c4 Bd7 35. Qxa7 Rh1 36. Rg1 Rh3 37. Qf2 b5 38. cxb5 Bxb5 39. Ne3 Rh2 40. Rg2 Rh1 41. b3 c6 42. Nec4 Bxc4 43. bxc4 c5 44. Qe2 Qh4 45. Qe3 Ra1 46. Qb3 Qh1 47. Re2 Qc1+ 48. Kd3 Qg1 49. Qb2 g5 50. Rh2 Qxh2 51. Qxa1 Ng6 52. Qb1 Nf4+ 53. Kc2 Kc7 54. Qb5 Qe2 55. Qc6+ Kb8 56. Qb6+ Ka8 57. Qa5+ Kb7 1-0